[Event "Ottawa RA March op"]
[Site "Ottawa"]
[Date "2019.03.02"]
[Round "3"]
[White "Chiku Ratte, Olivier Kenta"]
[Black "Ning, Alwin"]
[Result "1-0"]
[WhiteElo "2450"]
[BlackElo "1811"]
[PlyCount "63"]
[EventDate "2019.03.01"]
[EventType "swiss"]
[EventRounds "5"]
[EventCountry "CAN"]
[SourceTitle "EXT 2022"]
[Source "ChessBase"]
[SourceDate "2021.10.06"]
[SourceVersion "1"]
[SourceVersionDate "2021.10.06"]
[SourceQuality "1"]

1. d4 d5 2. c4 c6 3. Nf3 Nf6 4. e3 e6 5. Bd3 Bd6 6. 0-0 0-0 7. b3 Re8 8. Bb2 Nbd7 9. Ne5 Bc7 10. Nd2 Nxe5 11. dxe5 Nd7 12. f4 f5 13. cxd5 cxd5 14. Bd4 Bb6 15. Rc1 Nf8 16. Nf3 h6 17. Bxb6 Qxb6 18. Nd4 Bd7 19. g4 fxg4 20. Qxg4 Rac8 21. Kh1 Qa5 22. Rxc8 Bxc8 23. Rg1 Re7 24. f5 exf5 25. Bxf5 Bd7 26. Bxd7 Rxd7 27. e6 Rc7 28. Nf5 Qc5 29. Nxg7 h5 30. Nxh5+ Kh7 31. Nf6+ Kh6 32. Qg5# 1-0